Producción comercial de tomates / (Record no. 122788)

MARC details
000 -LEADER
campo de control de longitud fija 00503nam a2200157 4500
001 - NÚMERO DE CONTROL
campo de control 122788
003 - IDENTIFICADOR DE NÚMERO DE CONTROL
campo de control ES-MaACL
005 - FECHA Y HORA DE LA ÚLTIMA TRANSACCIÓN
campo de control 20230906192037.0
007 - CAMPO FIJO DE DESCRIPCIÓN FÍSICA--INFORMACIÓN GENERAL
campo de control de longitud fija t|
008 - DATOS DE LONGITUD FIJA--INFORMACIÓN GENERAL
campo de control de longitud fija 070214s1965 sp r ||||1| spa d
245 00 - MENCIÓN DEL TÍTULO
Título Producción comercial de tomates /
Mención de responsabilidad, etc. F. W. Toowey... [et al.] ; traducido por el Dr. Jaime Esaín Escobar.
260 ## - PUBLICACIÓN, DISTRIBUCIÓN, ETC.
Lugar de publicación, distribución, etc. Zaragoza :
Nombre del editor, distribuidor, etc. Acribia,
Fecha de publicación, distribución, etc. 1965.
300 ## - DESCRIPCIÓN FÍSICA
Extensión 184 p., 8 lám. :
Otras características físicas il. ;
Dimensiones 19 cm.
700 0# - ENTRADA AGREGADA--NOMBRE PERSONAL
Nombre de persona Esaín Escobar, Jaime.
9 (RLIN) 47449
852 ## - LOCALIZACIÓN
Ubicación ES-MaACL
Número de control de estantería F-7285
Sublocalización o colección R.56722
Holdings
Estatus retirado Estado de pérdida Estado de daño No para préstamo Biblioteca de origen Biblioteca actual Ubicación en estantería Fecha de adquisición Fuente de adquisición Total de préstamos Signatura topográfica completa Código de barras Visto por última vez Precio de reemplazo Tipo de ítem Koha
        Biblioteca del Ateneo de Madrid Biblioteca del Ateneo de Madrid Depósito 2 17/01/2008     F-7285 1127944 23/02/2023 23/02/2023 Libro impreso